000
00320nam a2200133Ia 4500
008
190723s9999 xx 000 0 und d
020
_a
978-93-325-8709-0
100
_a
Richard R. Still
245
0
_a
Sales & Distribution Management
250
_a
6th
260
_a
India
_b
Pearson
_c
2017
300
_a
590.:p
942
_c
BK
999
_c
1919
_d
1919